[Event "34th Leon Blitz Open 2021"]
[Site "chess.com INT"]
[Date "2021.07.07"]
[Round "6"]
[White "Sarana, Alexey"]
[Black "Yilmaz, Mustafa"]
[Result "1-0"]
[WhiteTitle "GM"]
[BlackTitle "GM"]
[WhiteElo "2640"]
[BlackElo "2630"]
[WhiteFideId "24133795"]
[BlackFideId "6302718"]
[EventDate "2021.07.07"]

1. c4 e5 2. Nc3 Bb4 3. Nd5 a5 4. b3 Ne7 5. Nxb4 axb4 6. e3 O-O 7. Nf3 e4 8. Nd4
d5 9. Bb2 c5 10. Nb5 Nbc6 11. cxd5 Nxd5 12. Qc2 Qe7 13. Be2 b6 14. d4 Ra5 15.
dxc5 bxc5 16. O-O Ba6 17. a4 bxa3 18. Nxa3 Ncb4 19. Qd1 Bxe2 20. Qxe2 Nd3 21.
Nc4 Rb5 22. Ra3 Qg5 23. Nd6 Qg6 24. Be5 Rb4 25. Bg3 h5 26. h4 Rfb8 27. Nxe4 Qxe4
28. Bxb8 Rxb8 29. Rd1 N5b4 30. Qxh5 Rb6 31. Ra4 Rg6 32. g3 Rf6 33. Rxd3 Rh6 34.
Rd8+ Kh7 35. Qxf7 Qb1+ 36. Kh2 Rf6 37. Qh5+ Rh6 38. Qe2 Rf6 39. Rxb4 cxb4 40.
Kg2 Qxb3 41. Qh5+ Rh6 42. Qf5+ g6 43. Qd7+ 1-0

[Event "34th Leon Blitz Open 2021"]
[Site "chess.com INT"]
[Date "2021.07.07"]
[Round "6"]
[White "Matveev, Vladimir3"]
[Black "Gimenez Aguirre, Alejo Ismael"]
[Result "1-0"]
[WhiteTitle "FM"]
[BlackTitle "IM"]
[WhiteElo "2344"]
[BlackElo "2265"]
[WhiteFideId "24130753"]
[BlackFideId "32041667"]
[EventDate "2021.07.07"]

1. d4 Nf6 2. c4 e6 3. Nf3 Bb4+ 4. Bd2 a5 5. g3 O-O 6. Bg2 d5 7. O-O b6 8. Bf4
Bb7 9. c5 a4 10. a3 Ba5 11. Qxa4 Bd2 12. Qc2 Bxf4 13. gxf4 bxc5 14. dxc5 Ne4 15.
e3 Nc6 16. Nbd2 f5 17. b4 Qf6 18. b5 Ne7 19. c6 Bc8 20. Nb3 Ng6 21. Nbd4 Nd6 22.
a4 e5 23. fxe5 Nxe5 24. Nxe5 Qxe5 25. Qc5 Ne4 26. f4 Nxc5 27. fxe5 Rxa4 28.
Bxd5+ Kh8 29. Rxa4 Nxa4 30. e4 Nc3 31. Rf4 g5 32. Rf3 Na4 33. exf5 Nb6 34. Bb3
Rd8 35. Ne6 Rd2 36. f6 Bxe6 37. Bxe6 Rd8 38. Bb3 h6 39. e6 Nd5 40. Bxd5 1-0

[Event "34th Leon Blitz Open 2021"]
[Site "chess.com INT"]
[Date "2021.07.07"]
[Round "6"]
[White "Kadam, Om Manish"]
[Black "Dhulipalla, Bala Chandra Prasad"]
[Result "0-1"]
[WhiteTitle "CM"]
[BlackTitle "IM"]
[WhiteElo "2114"]
[BlackElo "2425"]
[WhiteFideId "45076294"]
[BlackFideId "25005812"]
[EventDate "2021.07.07"]

1. e4 Nc6 2. Nf3 d6 3. d4 Nf6 4. Nc3 Bg4 5. Be2 e5 6. dxe5 dxe5 7. Be3 Bb4 8.
Nd2 Be6 9. Bd3 Ng4 10. O-O Nxe3 11. fxe3 O-O 12. Kh1 Bxc3 13. bxc3 Qe7 14. Rb1
b6 15. c4 Rad8 16. Qf3 Nb4 17. Rb3 Rd7 18. a3 Na6 19. Rbb1 Rfd8 20. Nb3 Nc5 21.
Nxc5 Qxc5 22. Qe2 a5 23. a4 Qa3 24. Rb5 f6 25. c5 Qxa4 26. cxb6 cxb6 27. Rxb6
Bf7 28. Bb5 Qb4 29. c3 Qb3 30. Rbxf6 gxf6 31. Bxd7 Qxc3 32. Qg4+ Kf8 33. Be6 Qc6
34. Bxf7 Kxf7 35. Qh5+ Kg7 36. Qg4+ Kh8 37. h3 a4 38. Qh4 Rf8 39. Ra1 Qc4 40.
Qg4 Qb4 41. Qd1 Qxe4 42. Rxa4 Qxe3 43. Qd7 Rg8 44. Rg4 Rxg4 45. Qc8+ Rg8 46. Qg4
Rxg4 0-1

[Event "34th Leon Blitz Open 2021"]
[Site "chess.com INT"]
[Date "2021.07.07"]
[Round "6"]
[White "Arias, Juan Cruz"]
[Black "Kulkarni, Rakesh"]
[Result "0-1"]
[WhiteTitle "CM"]
[BlackTitle "IM"]
[WhiteElo "2277"]
[BlackElo "2321"]
[WhiteFideId "118540"]
[BlackFideId "5037077"]
[EventDate "2021.07.07"]

1. e4 c5 2. Nc3 a6 3. a4 g6 4. g3 Bg7 5. Bg2 Nc6 6. d3 e6 7. Be3 d6 8. Qd2 Nge7
9. h4 b6 10. h5 d5 11. h6 Bf6 12. Bg5 Bxg5 13. Qxg5 Nd4 14. Rc1 Bb7 15. Nge2
Nxe2 16. Nxe2 dxe4 17. dxe4 Nc6 18. Qe3 Nd4 19. O-O O-O 20. c3 Nxe2+ 21. Qxe2 e5
22. f4 exf4 23. gxf4 Qh4 24. Rcd1 Rad8 25. e5 Bxg2 26. Qxg2 Rxd1 27. Rxd1 Qxf4
28. Qd5 Qe3+ 29. Kg2 Qg5+ 30. Kf1 Qxh6 31. Rd2 Re8 32. Rf2 Qc1+ 33. Kg2 Qg5+ 34.
Kf1 Re7 35. Re2 Kg7 36. Qd6 h5 37. Qxb6 Rxe5 38. Qxa6 Qc1+ 39. Kg2 Rg5+ 40. Kf3
Qf1+ 41. Ke3 Re5+ 42. Kd2 Rd5+ 43. Ke3 Qg1+ 44. Ke4 Qg5 45. Rf2 Qe5+ 46. Kf3 h4
47. Qe2 Qg3+ 48. Ke4 Re5# 0-1

[Event "34th Leon Blitz Open 2021"]
[Site "chess.com INT"]
[Date "2021.07.07"]
[Round "6"]
[White "Fernandez, Daniel Howard"]
[Black "Demchenko, Anton"]
[Result "1-0"]
[WhiteTitle "GM"]
[BlackTitle "GM"]
[WhiteElo "2487"]
[BlackElo "2600"]
[WhiteFideId "5801605"]
[BlackFideId "4160258"]
[EventDate "2021.07.07"]

1. e4 c5 2. Nc3 Nc6 3. Bb5 Nd4 4. Nf3 a6 5. Bd3 Nc6 6. O-O e6 7. Nd5 g5 8. Nxg5
exd5 9. Qh5 Qe7 10. exd5 Nd4 11. c3 Bh6 12. Nxf7 Qxf7 13. Qe5+ Kf8 14. Qxh8 Nf5
15. d6 Nxd6 16. Qe5 Qf6 17. Qxc5 Kg7 18. Re1 Nf7 19. Qf5 Qxf5 20. Bxf5 d6 21.
Bxc8 Rxc8 22. d4 Bxc1 23. Raxc1 Kf8 24. Re3 Nf6 25. Re6 Nd5 26. Rce1 b5 27. a3
a5 28. Rc1 Nb6 29. Re2 b4 30. axb4 axb4 31. f4 b3 32. Kf2 Nc4 33. Ra1 Rb8 34. d5
Nb6 35. Ra5 Nc4 36. Ra4 Rc8 37. Rb4 Nh6 38. Kf3 Rc5 39. Rb8+ Kg7 40. Rb7+ Kg6
41. Re6+ Kh5 42. Rxh7 Nd2+ 43. Ke2 Rxd5 44. Rhxh6+ Kg4 45. Rxd6 Rxd6 46. Rxd6
Nc4 47. Rd4 Nxb2 48. Kd2 Kf5 49. Kc1 1-0

[Event "34th Leon Blitz Open 2021"]
[Site "chess.com INT"]
[Date "2021.07.07"]
[Round "6"]
[White "Gorodetzky, David"]
[Black "Martinez Alcantara, Jose Eduardo"]
[Result "0-1"]
[WhiteTitle "IM"]
[BlackTitle "GM"]
[WhiteElo "2496"]
[BlackElo "2620"]
[WhiteFideId "2813416"]
[BlackFideId "3805662"]
[EventDate "2021.07.07"]

1. Nf3 c5 2. b3 Nf6 3. Bb2 e6 4. g3 b6 5. Bg2 Bb7 6. O-O Be7 7. c4 O-O 8. Nc3 d6
9. Rc1 Nbd7 10. e3 a6 11. Qe2 Re8 12. Rfd1 Qc7 13. d4 Ne4 14. Nb1 Rac8 15. Ne1
Nef6 16. d5 exd5 17. cxd5 b5 18. e4 Qb6 19. Nd2 Bf8 20. Qd3 Ne5 21. Qf1 a5 22.
h3 Ba6 23. f4 b4 24. Nc4 Nxc4 25. bxc4 Nxe4 26. Rd3 Qd8 27. g4 Nf6 28. g5 Nh5
29. h4 g6 30. f5 Bg7 31. f6 Bf8 32. Qf2 a4 33. a3 Rb8 34. axb4 Rxb4 35. Rdc3 Qb8
36. Ba1 Bc8 37. Nd3 Rb3 38. Bf3 Bf5 39. Bxh5 Bxd3 40. Bd1 Rxc3 41. Rxc3 Qb1 42.
Qd2 Bf5 43. Bb2 Qe4 44. Bf3 Qxh4 45. Rc1 h6 46. Bg2 hxg5 47. Bc3 g4 48. Re1
Rxe1+ 49. Qxe1 Qxe1+ 50. Bxe1 a3 51. Bc3 Bh6 52. Kf2 a2 53. Ba1 Bf4 0-1

[Event "34th Leon Blitz Open 2021"]
[Site "chess.com INT"]
[Date "2021.07.07"]
[Round "6"]
[White "Gabriel, Robert"]
[Black "Prohorov, Olexandr"]
[Result "0-1"]
[WhiteTitle "FM"]
[BlackTitle "FM"]
[WhiteElo "2236"]
[BlackElo "2086"]
[WhiteFideId "4606477"]
[BlackFideId "14105578"]
[EventDate "2021.07.07"]

1. d4 Nf6 2. c4 g6 3. Nc3 d5 4. Nf3 Bg7 5. Bg5 Ne4 6. cxd5 Nxg5 7. Nxg5 e6 8.
Qd2 exd5 9. Qf4 O-O 10. h4 h6 11. Nf3 c5 12. e3 cxd4 13. Nxd4 Nc6 14. Nxc6 bxc6
15. Bd3 Rb8 16. Qxb8 Qa5 17. O-O Bf5 18. Qxf8+ Kxf8 19. Bxf5 gxf5 20. Rfc1 Qb4
21. Rab1 Qxh4 22. Ne2 Qa4 23. a3 Ke7 24. Nd4 Bxd4 25. exd4 Kd6 26. Rd1 Qc2 27.
f3 h5 28. b4 h4 29. Kh2 a6 30. Rbc1 Qf2 31. Rd3 Qg3+ 32. Kg1 h3 33. Rd2 hxg2 34.
Rxg2 Qxf3 35. Rf2 Qg3+ 36. Kf1 Qd3+ 37. Ke1 Qxd4 38. Rd2 Qe3+ 39. Kd1 f4 40.
Rcc2 Qxa3 41. Rb2 f3 42. Rf2 Qa1+ 43. Kc2 Qe1 44. Kd3 Qe4+ 45. Kc3 Qc4+ 46. Kd2
Qd4+ 47. Ke1 f5 48. Rbd2 Qa1+ 49. Rd1 Qc3+ 50. Kf1 Qxb4 51. Rxf3 Qc4+ 52. Kf2
Qc2+ 53. Ke1 a5 54. Rd2 Qe4+ 55. Kf2 a4 56. Re2 Qd4+ 57. Ke1 f4 58. Ref2 Qa1+
59. Ke2 a3 60. Rxf4 a2 61. Ra4 Qe5+ 62. Kf1 a1=Q+ 63. Rxa1 Qxa1+ 64. Kg2 Qg7+
65. Kf1 d4 66. Ke2 c5 67. Kf1 c4 68. Rh2 Qf6+ 69. Kg1 Qg5+ 70. Kh1 Qc1+ 71. Kg2
Qd2+ 72. Kh1 Qxh2+ 0-1

[Event "34th Leon Blitz Open 2021"]
[Site "chess.com INT"]
[Date "2021.07.07"]
[Round "6"]
[White "Nguyen, Ngoc Truong Son"]
[Black "Lobanov, Sergei"]
[Result "0-1"]
[WhiteTitle "GM"]
[BlackTitle "IM"]
[WhiteElo "2641"]
[BlackElo "2514"]
[WhiteFideId "12401110"]
[BlackFideId "24183750"]
[EventDate "2021.07.07"]

1. d4 Nf6 2. Nf3 d5 3. Bf4 c5 4. e3 Nc6 5. Nbd2 e6 6. c3 Be7 7. Bd3 Nh5 8. Bg3
f5 9. dxc5 Bxc5 10. c4 d4 11. Bh4 Qb6 12. Nxd4 Nf4 13. exf4 Bxd4 14. O-O Qxb2
15. Nf3 Qxa1 16. Qxa1 Bxa1 17. Rxa1 Bd7 18. c5 h6 19. Re1 Kf7 20. Bb5 Rhc8 21.
h3 b6 22. cxb6 axb6 23. a4 Ra7 24. Rd1 Ke8 25. Rd6 Rac7 26. Kh2 Kf7 27. g4 Be8
28. Bc4 Kf8 29. Bxe6 Ra8 30. Bxf5 Rxa4 31. Bg3 Re7 32. Ne5 Nxe5 33. fxe5 b5 34.
Rb6 Rd4 35. h4 h5 36. g5 g6 37. Bxg6 Bxg6 38. Rxg6 Rb7 39. e6 b4 40. Rh6 Rd5 41.
Rh8+ Kg7 42. Re8 b3 43. e7 Kf7 44. Rh8 Rxe7 45. Rb8 Rd3 46. Kg2 Kg6 47. Rb6+ Kf5
48. Rb5+ Ke4 49. Rb6 Kd5 50. Bd6 Re6 0-1

[Event "34th Leon Blitz Open 2021"]
[Site "chess.com INT"]
[Date "2021.07.07"]
[Round "6"]
[White "Mogirzan, Matei-Valeriu"]
[Black "Nefedov, Sergey"]
[Result "0-1"]
[WhiteTitle "CM"]
[BlackTitle "FM"]
[WhiteElo "1813"]
[BlackElo "2313"]
[WhiteFideId "1257455"]
[BlackFideId "24113417"]
[EventDate "2021.07.07"]

1. e4 d5 2. exd5 Qxd5 3. Nc3 Qd8 4. Nf3 Nf6 5. Bc4 Bf5 6. O-O e6 7. d4 c6 8. h3
Be7 9. Be3 O-O 10. Re1 Nd5 11. Nxd5 cxd5 12. Bd3 Bg6 13. Bxg6 hxg6 14. Rc1 Nc6
15. c4 dxc4 16. Rxc4 Qd5 17. Qe2 Rfd8 18. a3 Rac8 19. Rec1 Bf6 20. b4 Qd7 21.
Qc2 Ne7 22. Rc7 Rxc7 23. Qxc7 Kf8 24. Qxd7 Rxd7 25. Ne5 Bxe5 26. dxe5 Nc6 27.
Bc5+ Ke8 28. Bd6 a6 29. a4 f6 30. f4 Kf7 31. b5 axb5 32. axb5 Nd4 33. Rc8 g5 34.
b6 gxf4 35. Rc7 Ke8 36. exf6 gxf6 37. Bxf4 Ne2+ 38. Kf2 Nxf4 39. Kf3 Nd5 40.
Rxd7 Kxd7 41. h4 Ke7 42. g4 Kf7 43. Ke4 Nxb6 44. Kd4 Nd5 45. Kc5 Ne3 46. g5 fxg5
47. hxg5 Kg6 48. Kd4 Kxg5 49. Ke5 b5 50. Kd4 b4 51. Kd3 Nd5 52. Kc2 Kf4 53. Kb2
Ke3 54. Kb3 Kd3 55. Kb2 e5 56. Kc1 e4 57. Kd1 e3 58. Kc1 e2 59. Kb2 e1=Q 0-1

[Event "34th Leon Blitz Open 2021"]
[Site "chess.com INT"]
[Date "2021.07.07"]
[Round "6"]
[White "Sviridova, Vlada"]
[Black "Guevara Sanchez, Erick Marvin"]
[Result "1-0"]
[WhiteTitle "WFM"]
[BlackTitle "FM"]
[WhiteElo "2144"]
[BlackElo "2173"]
[WhiteFideId "24109606"]
[BlackFideId "6700136"]
[EventDate "2021.07.07"]

1. d4 e5 2. dxe5 Nc6 3. Nf3 Qe7 4. Bd2 Nxe5 5. Nxe5 Qxe5 6. Bc3 Qg5 7. Nd2 d6 8.
Nf3 Qg6 9. e3 Nf6 10. h3 Be7 11. Qd2 Ne4 12. Qd3 Nxc3 13. Qxc3 c6 14. O-O-O Be6
15. a3 O-O 16. Bd3 Bf5 17. Nd4 Bxd3 18. Qxd3 d5 19. Nf5 Bf6 20. g4 Kh8 21. f4
Rfe8 22. Rhg1 Bd8 23. h4 Bb6 24. h5 Qe6 25. Rge1 Rad8 26. Kb1 Qe4 27. Qc3 d4 28.
exd4 Qxf4 29. d5 f6 30. Rxe8+ Rxe8 31. d6 Qxg4 32. Qd3 Rd8 33. d7 Qxh5 34. Nd6
Rxd7 35. Nf7+ Qxf7 36. Qxd7 Qxd7 37. Rxd7 h5 38. Kc1 h4 39. Kd1 h3 40. Rd3 g5
41. Rxh3+ Kg7 42. Ke2 f5 43. Rd3 Kg6 44. Rd7 f4 45. Kf3 Kf5 46. Rf7+ Ke5 47.
Rxb7 Kd4 48. Rd7+ Kc4 49. Rg7 Kd4 50. Rxg5 Kc4 51. Rf5 a5 52. Rxf4+ Kb5 53. b3
Ka6 54. a4 Kb7 55. Rf7+ Ka6 56. Ke4 c5 57. Kd5 Ba7 58. Kc6 Bb6 59. c4 Ba7 60.
Rxa7+ Kxa7 61. Kxc5 Ka6 62. Kc6 Ka7 63. Kd7 Ka6 64. c5 Ka7 65. c6 Ka6 66. c7 Ka7
67. c8=Q Kb6 68. Qc6+ Ka7 69. Qb5 Ka8 70. Kc7 1-0

[Event "34th Leon Blitz Open 2021"]
[Site "chess.com INT"]
[Date "2021.07.07"]
[Round "6"]
[White "Holt, Conrad"]
[Black "Svane, Rasmus"]
[Result "1/2-1/2"]
[WhiteTitle "GM"]
[BlackTitle "GM"]
[WhiteElo "2549"]
[BlackElo "2615"]
[WhiteFideId "2034387"]
[BlackFideId "4657101"]
[EventDate "2021.07.07"]

1. d4 d5 2. c4 e6 3. Nc3 a6 4. cxd5 exd5 5. Bf4 Nf6 6. e3 Bd6 7. Bg5 c6 8. Bd3
Qe7 9. Nge2 Nbd7 10. Ng3 g6 11. Qc2 h6 12. Bh4 Nf8 13. Nge2 Be6 14. O-O-O N8d7
15. Nf4 g5 16. Nxe6 fxe6 17. Bg6+ Kf8 18. Bg3 Bxg3 19. hxg3 Kg7 20. Kb1 c5 21.
f4 Rac8 22. Bh5 Nxh5 23. Rxh5 Nf6 24. Rh3 cxd4 25. exd4 Ne4 26. fxg5 Nxc3+ 27.
bxc3 Qxg5 28. Re1 Rc6 29. g4 Rhc8 30. Kb2 Rb6+ 31. Ka1 Rbc6 32. Rf3 Qg6 33. Qd2
Rf8 34. Ref1 Rxf3 35. gxf3 b5 36. Re1 Kf7 37. Rh1 Kg7 38. Kb2 a5 39. Rh2 Rc4 40.
a3 Qf6 41. g5 hxg5 42. Rg2 b4 43. cxb4 axb4 44. axb4 Rxd4 45. Qxg5+ Qxg5 46.
Rxg5+ Kf6 47. Rg4 Ke5 48. b5 Rd3 49. b6 Rxf3 50. Rg8 Rf7 51. Rb8 Kd4 52. Kb3 e5
53. Kb4 e4 54. Re8 Ke3 55. Kc5 d4 56. Kd5 Rd7+ 57. Kc6 Rh7 58. Kd5 Rh5+ 59. Kc4
d3 60. b7 d2 61. Rd8 Rh1 62. Rxd2 Rc1+ 63. Kd5 Rb1 64. Ra2 Rb5+ 65. Kc6 Rb1 66.
Kc7 Rxb7+ 67. Kxb7 Kd3 68. Ra3+ Kd2 69. Kc6 e3 70. Kd5 e2 71. Ra2+ Kd3 72. Rxe2
Kxe2 1/2-1/2

[Event "34th Leon Blitz Open 2021"]
[Site "chess.com INT"]
[Date "2021.07.07"]
[Round "6"]
[White "Mikhnenko, Alexander"]
[Black "Iskusnyh, Sergei"]
[Result "0-1"]
[WhiteTitle "CM"]
[BlackTitle "GM"]
[WhiteElo "2065"]
[BlackElo "2473"]
[WhiteFideId "34143014"]
[BlackFideId "4120027"]
[EventDate "2021.07.07"]

1. e4 e6 2. d4 d5 3. Nc3 Nf6 4. e5 Nfd7 5. Nce2 c5 6. c3 Nc6 7. Nf3 cxd4 8. cxd4
f6 9. exf6 Nxf6 10. Nc3 Bd6 11. g3 O-O 12. Bg2 Bd7 13. O-O Kh8 14. Re1 Rc8 15.
Bg5 Qb6 16. Bxf6 Rxf6 17. Qd2 Rcf8 18. Re3 Na5 19. b3 Nc6 20. Na4 Qd8 21. Rc1
Ba3 22. Rc2 Nb4 23. Rcc3 Nc6 24. Rc2 Bb4 25. Qd1 Be8 26. Nc5 Bxc5 27. Rxc5 Bh5
28. Rcc3 Qb6 29. a3 Bxf3 30. Rxf3 Rxf3 31. Rxf3 Rxf3 32. Qxf3 Qd8 33. Qe3 Qf6
34. Bh3 Nxd4 35. Kg2 g6 36. Qc3 Kg7 37. Qc7+ Qf7 38. Qe5+ Qf6 39. Qc7+ Kh6 40.
f4 Ne2 41. Qc8 d4 42. Qxe6 Qxe6 43. Bxe6 d3 44. Bc4 Nc1 45. Kf2 d2 46. Be2 Nxb3
47. Ke3 Kg7 48. Bd1 Na5 49. Kxd2 Nc4+ 50. Kc3 Nxa3 51. Kb4 Nb1 52. Bf3 Kf6 53.
Bxb7 Nd2 54. Kc3 Nf1 55. Bf3 Nxh2 56. Be2 Kf5 57. Kd4 Ng4 58. Bd3+ Kf6 59. Ba6
h5 60. Ke4 Nh6 61. Bc8 a5 62. Bd7 Nf5 63. Kf3 Nd4+ 64. Ke4 Ne6 65. Bb5 a4 66.
Kd3 a3 67. Kc3 Nc5 68. Bc4 Ne4+ 69. Kb3 Nxg3 70. Kxa3 h4 71. Bd3 h3 0-1

[Event "34th Leon Blitz Open 2021"]
[Site "chess.com INT"]
[Date "2021.07.07"]
[Round "6"]
[White "Maltsevskaya, Aleksandra"]
[Black "Vovk, Orest"]
[Result "0-1"]
[WhiteTitle "WGM"]
[BlackTitle "FM"]
[WhiteElo "2382"]
[BlackElo "2315"]
[WhiteFideId "24174041"]
[BlackFideId "14113490"]
[EventDate "2021.07.07"]

1. e4 g5 2. d4 g4 3. Nc3 Bg7 4. Be3 h5 5. h3 d6 6. Be2 Nf6 7. e5 dxe5 8. dxe5
Qxd1+ 9. Rxd1 Ng8 10. hxg4 hxg4 11. Rxh8 Bxh8 12. f4 gxf3 13. Nxf3 c6 14. Kf2
Bf5 15. Nd4 Bg6 16. e6 Bxd4 17. exf7+ Bxf7 18. Bxd4 Nf6 19. g4 Nbd7 20. g5 Nd5
21. Nxd5 cxd5 22. Bg4 e5 23. Bxd7+ Kxd7 24. Bxe5 Ke6 25. Bf6 Bg6 26. Re1+ Be4
27. c3 Kf5 28. Ke3 Rc8 29. b3 b5 30. Kd4 a5 31. Re2 a4 32. Rf2+ Kg6 33. Be7 Rc7
34. Bf6 Rc8 35. Rh2 Kf5 36. Rh6 Rc6 37. Rh8 axb3 38. axb3 b4 39. cxb4 Rb6 40.
Be7 Rb7 41. Rf8+ Kg6 42. Rg8+ Kf7 43. Rd8 Kxe7 44. Rg8 Rxb4+ 45. Ke5 Rxb3 46.
Rg7+ Kf8 47. Rd7 Rb6 48. Kf4 Rg6 49. Rc7 Kg8 50. Rd7 Rg7 51. Rd6 Kh7 52. Rh6+
Kg8 53. Rd6 Kf8 54. Rd8+ Ke7 55. Rb8 Rf7+ 56. Ke5 Rf5+ 57. Kd4 Rxg5 58. Rb7+ Kf6
59. Rb6+ Kf5 60. Rb8 Kf4 61. Rf8+ Rf5 62. Rg8 Bf3 63. Rg7 Rf8 64. Rg6 Ra8 65.
Rf6+ Kg3 66. Rg6+ Kf2 67. Rd6 Ra4+ 68. Kd3 Be4+ 69. Kd2 Ra2+ 70. Kd1 Ke3 71. Kc1
Rc2+ 72. Kd1 Rb2 73. Rc6 Rb1+ 74. Rc1 Rxc1+ 75. Kxc1 Ke2 76. Kb2 d4 77. Ka3 d3
78. Kb2 d2 79. Ka2 d1=Q 80. Kb2 Qc2+ 81. Ka3 Qb1 82. Ka4 Kd3 83. Ka3 Kc4 84. Ka4
Qa1# 0-1

[Event "34th Leon Blitz Open 2021"]
[Site "chess.com INT"]
[Date "2021.07.07"]
[Round "7"]
[White "Lopez Idarraga, Daniel Eduardo"]
[Black "Girya, Olga"]
[Result "0-1"]
[WhiteTitle "FM"]
[BlackTitle "WGM"]
[WhiteElo "2009"]
[BlackElo "2448"]
[WhiteFideId "4405501"]
[BlackFideId "4195752"]
[EventDate "2021.07.07"]

1. d4 d5 2. Bf4 c5 3. e3 cxd4 4. exd4 Nc6 5. c3 Bf5 6. Nd2 e6 7. Ngf3 f6 8. Bb5
g5 9. Bg3 h5 10. h4 g4 11. Ng1 Qb6 12. Qb3 Bh6 13. Ne2 Ne7 14. Nf4 e5 15. dxe5
fxe5 16. Nxd5 Bxd2+ 17. Kxd2 Nxd5 0-1

[Event "34th Leon Blitz Open 2021"]
[Site "chess.com INT"]
[Date "2021.07.07"]
[Round "7"]
[White "Vovk, Orest"]
[Black "Vasquez Schroeder, Rodrigo"]
[Result "0-1"]
[WhiteTitle "FM"]
[BlackTitle "GM"]
[WhiteElo "2315"]
[BlackElo "2459"]
[WhiteFideId "14113490"]
[BlackFideId "3400042"]
[EventDate "2021.07.07"]

1. g4 c5 2. Bg2 Nc6 3. h3 g6 4. c4 Bg7 5. Nc3 b6 6. d3 Bb7 7. Nf3 d6 8. O-O Qd7
9. e3 Nf6 10. d4 cxd4 11. exd4 O-O 12. d5 Na5 13. Qd3 Rac8 14. Nd2 e6 15. dxe6
fxe6 16. Bxb7 Nxb7 17. Nde4 Nxe4 18. Nxe4 Qc6 19. Ng5 Nc5 20. Qe2 h6 21. Nf3
Qxf3 0-1

[Event "34th Leon Blitz Open 2021"]
[Site "chess.com INT"]
[Date "2021.07.07"]
[Round "7"]
[White "Prohorov, Olexandr"]
[Black "Dang, Hoang Son"]
[Result "0-1"]
[WhiteTitle "FM"]
[BlackTitle "FM"]
[WhiteElo "2086"]
[BlackElo "2363"]
[WhiteFideId "14105578"]
[BlackFideId "12402435"]
[EventDate "2021.07.07"]

1. e4 c6 2. Nc3 d5 3. Nf3 Bg4 4. h3 Bxf3 5. Qxf3 e6 6. g4 Nd7 7. Bg2 Bd6 8. d3
Ne7 9. Bd2 Ng6 10. Qe2 Nf4 11. Bxf4 Bxf4 12. exd5 O-O 13. dxe6 fxe6 14. Qxe6+
Kh8 15. Ne2 Re8 16. Qf5 Qc7 17. Be4 Rxe4 18. dxe4 Rf8 19. Qe6 Ne5 20. O-O Nf3+
21. Kg2 Be5 22. Rad1 Bxb2 23. Rd7 Qh2# 0-1

[Event "34th Leon Blitz Open 2021"]
[Site "chess.com INT"]
[Date "2021.07.07"]
[Round "7"]
[White "Gimenez Aguirre, Alejo Ismael"]
[Black "Mikhnenko, Alexander"]
[Result "1-0"]
[WhiteTitle "IM"]
[BlackTitle "CM"]
[WhiteElo "2265"]
[BlackElo "2065"]
[WhiteFideId "32041667"]
[BlackFideId "34143014"]
[EventDate "2021.07.07"]

1. e4 c5 2. Nf3 e6 3. d4 cxd4 4. Nxd4 Qb6 5. Nb3 Qc7 6. Be2 Bd6 7. c4 Nf6 8. Nc3
Nc6 9. h3 Bb4 10. O-O Bxc3 11. bxc3 Nxe4 12. Ba3 Nxc3 13. Qc2 Nxe2+ 14. Qxe2 Qe5
15. Qd2 b6 16. Rfe1 Qf6 17. Rad1 Ne7 18. Qd6 Nf5 19. Qc7 Qd8 20. Qf4 h5 21. Qxf5
Bb7 22. Qe5 f6 23. Qg3 Kf7 24. Nd4 Qc8 25. Nb5 Qc6 26. Rd6 Qc8 27. Rdxe6 dxe6
28. Nd6+ Kg8 29. Nxc8 Rxc8 30. Rxe6 Rxc4 31. Re7 Rh7 32. Rxb7 1-0

[Event "34th Leon Blitz Open 2021"]
[Site "chess.com INT"]
[Date "2021.07.07"]
[Round "7"]
[White "Valle Maytin, Luis Enrique"]
[Black "Shreyans, K. Shah"]
[Result "1-0"]
[WhiteTitle "FM"]
[BlackTitle "CM"]
[WhiteElo "2284"]
[BlackElo "2237"]
[WhiteFideId "3503666"]
[BlackFideId "5029074"]
[EventDate "2021.07.07"]

1. d4 Nf6 2. Nf3 g6 3. e3 Bg7 4. Bd3 O-O 5. Nbd2 d6 6. b3 Nbd7 7. Bb2 Re8 8. O-O
e5 9. dxe5 Nxe5 10. Nxe5 dxe5 11. e4 Bg4 12. f3 Bd7 13. Qe2 c6 14. Rfd1 Qb6+ 15.
Qf2 Qxf2+ 16. Kxf2 Rad8 17. Nc4 Bc8 18. Nxe5 Ng4+ 19. fxg4 Bxe5 20. Bxe5 Rxe5
21. h3 b5 22. Kf3 g5 23. c4 b4 24. Bc2 Ree8 25. Rxd8 Rxd8 26. Rd1 Rxd1 27. Bxd1
Kg7 28. e5 f6 29. Ke4 Kf7 30. Bf3 Bd7 31. exf6 Kxf6 32. Kd4 Ke6 33. Be4 h6 34.
Kc5 Ke5 35. Bxc6 Bxc6 36. Kxc6 Kf4 37. Kb7 Kg3 38. c5 Kxg2 39. c6 Kxh3 40. c7
Kxg4 41. c8=Q+ 1-0

[Event "34th Leon Blitz Open 2021"]
[Site "chess.com INT"]
[Date "2021.07.07"]
[Round "7"]
[White "Kulkarni, Rakesh"]
[Black "Kadam, Om Manish"]
[Result "0-1"]
[WhiteTitle "IM"]
[BlackTitle "CM"]
[WhiteElo "2321"]
[BlackElo "2114"]
[WhiteFideId "5037077"]
[BlackFideId "45076294"]
[EventDate "2021.07.07"]

1. e4 g6 2. d4 Bg7 3. Nc3 c6 4. Be3 d5 5. e5 Nh6 6. Qd2 Nf5 7. O-O-O f6 8. g4
Nxe3 9. Qxe3 fxe5 10. dxe5 Bxg4 11. f3 Bf5 12. Bh3 O-O 13. Bxf5 Rxf5 14. Nge2
Rxe5 15. Qf2 Qb6 16. Qg2 Nd7 17. f4 Qe3+ 18. Kb1 Rf5 19. Ng3 Rxf4 20. Rhe1 Qc5
21. Nce2 Rb4 22. c3 Rb6 23. Nf5 Bf6 24. Ned4 Ne5 25. Ne6 Qxc3 26. Nxe7+ Bxe7 27.
Qh3 Qxh3 0-1

[Event "34th Leon Blitz Open 2021"]
[Site "chess.com INT"]
[Date "2021.07.07"]
[Round "7"]
[White "Iskusnyh, Sergei"]
[Black "Gorodetzky, David"]
[Result "0-1"]
[WhiteTitle "GM"]
[BlackTitle "IM"]
[WhiteElo "2473"]
[BlackElo "2496"]
[WhiteFideId "4120027"]
[BlackFideId "2813416"]
[EventDate "2021.07.07"]

1. d4 Nf6 2. c4 b6 3. Nc3 Bb7 4. Qc2 d5 5. cxd5 Nxd5 6. Nf3 e6 7. Bg5 Be7 8.
Bxe7 Qxe7 9. e3 O-O 10. Be2 Nxc3 11. Qxc3 Nd7 12. Qxc7 Bxf3 13. Bxf3 Rac8 14.
Qxa7 Qb4+ 15. Kf1 Qxb2 16. Re1 Nf6 17. h3 Rc2 18. Kg1 Rxf2 19. a4 Qd2 20. Kh2
Rxf3 21. Rd1 Qf2 22. Qc7 g5 0-1

[Event "34th Leon Blitz Open 2021"]
[Site "chess.com INT"]
[Date "2021.07.07"]
[Round "7"]
[White "Demchenko, Anton"]
[Black "Golubev, Mikhail"]
[Result "1-0"]
[WhiteTitle "GM"]
[BlackTitle "GM"]
[WhiteElo "2600"]
[BlackElo "2461"]
[WhiteFideId "4160258"]
[BlackFideId "14100983"]
[EventDate "2021.07.07"]

1. e4 c5 2. Nf3 d6 3. Bb5+ Bd7 4. Bxd7+ Nxd7 5. O-O Ngf6 6. Qe2 e6 7. d4 cxd4 8.
Nxd4 Qb6 9. Rd1 a6 10. c4 Qc5 11. b3 Rc8 12. Bb2 Be7 13. Nc3 O-O 14. Kh1 Qh5 15.
f3 Ne5 16. Rg1 g5 17. g3 g4 18. f4 Nf3 19. Rgd1 d5 20. exd5 exd5 21. Nxf3 gxf3
22. Qxe7 1-0